HandBook of Office Management (Record no. 4849)

MARC details
005 - DATE AND TIME OF LATEST TRANSACTION
control field 20250624113720.0
020 ## - INTERNATIONAL STANDARD BOOK NUMBER
International Standard Book Number 009147440X
082 ## - DEWEY DECIMAL CLASSIFICATION NUMBER
Classification number 651.3WAL
100 ## - MAIN ENTRY--PERSONAL NAME
Author name WALLEY. B. H
245 ## - TITLE STATEMENT
Title HandBook of Office Management
250 ## - EDITION STATEMENT
Edition statement 2nd Ed,
260 ## - PUBLICATION, DISTRIBUTION, ETC.
Place of publication, distribution, etc. British,
Name of publisher, distributor, etc. London,
Date of publication, distribution, etc. 1975.
300 ## - PHYSICAL DESCRIPTION
Extent xi; 293p; ill; table; figure,
Other physical details Index,
Dimensions 24cm.
942 ## - ADDED ENTRY ELEMENTS (KOHA)
Source of classification or shelving scheme Dewey Decimal Classification
Koha item type Books

No items available.